000 00463nam a2200157 i 4500
001 bg
100 1 _aSTRUBLE, George
245 0 _aWprowadzenie do programowania w języku Asemblera dla maszyn cyfrowych IBM serii 360 i 370 /
_cGeorge Struble.
260 _aWarszawa :
_bWydawnictwa Naukowo-Techniczne,
_c1982.
490 1 _aInformatyka
830 _aInformatyka
040 _cBPK
041 _apol
942 _cKS
008 s pl f |000 0 pol
999 _c20776
_d20776
856 _uhttp://koha.tu.koszalin.pl/cgi-bin/koha/opac-detail.pl?biblionumber=20776
_yKatalog online BPK